000 00492nam a2200205Ia 4500
008 170918s9999 xx 000 0 und d
020 _a679890475
050 _bE138 1998
100 _aEastman, P. D.
245 _aAre you my mother? /
245 _cby P. D. Eastman.
260 _aNew York :
260 _bScholastic,
260 _c1998
300 _aunpaged :
300 _bcolored illustration ;
300 _c14cm.
440 _aBright and early board books.
500 _aBR
999 _c343056
_d343056